Экономическая интеграция в условиях двух систем: критика буржуазных трактовок

Detalhes bibliográficos
Autor principal: Захарова Н. В. Наталья Васильевна
Resumo:Исключено из фонда НТБ ТПУ
Idioma:russo
Publicado em: Москва, Высшая школа, 1988
Formato: MixedMaterials Livro
KOHA link:https://koha.lib.tpu.ru/cgi-bin/koha/opac-detail.pl?biblionumber=264134

MARC

LEADER 00000nam0a2200000 4500
001 264134
005 20231031222716.0
035 |a (RuTPU)RU\TPU\book\287125 
090 |a 264134 
100 |a 20140617d1988 k y0rusy50 ca 
101 0 |a rus 
102 |a RU 
105 |a y z 001zy 
200 1 |a Экономическая интеграция в условиях двух систем: критика буржуазных трактовок  |f Н. В. Захарова 
210 |a Москва  |c Высшая школа  |d 1988 
215 |a 95 с.  |c ил. 
333 |a Исключено из фонда НТБ ТПУ 
700 1 |a Захарова  |b Н. В.  |g Наталья Васильевна 
801 1 |a RU  |b 63413507  |c 20140617 
801 2 |a RU  |b 63413507  |c 20220314  |g RCR 
942 |c BK